1228 1635 1557 1011 1878 1328 1949 1129 1045 1249 1669 1881 1357 1961 1922 1636 1480 1690 1882 1963 1135 1632 1247 1252 1798 1742 1515 1536 1939 1563 1363 1009 1471 1880 1399 1112 1133 1620 1506 1673 1372 1770 1037 1760 1803 1837 1522 1009 1545 1345 1731 1479 1201 1244 1972 1009 1331 1231 1084 1345 1314 1052 1026 1830 1951 1515 1632 1546 1094 1540 1708 1410 1329 1407 1633 1301 1934 1784 1416 1531 1788 1049 1041 1253 1386 1201 1343 1132 1253 1087 1292 1834 1744 1185 1230 1527 1763 1437 1171 BCNSPRNW ULIB Ver.6.0+V

เปลี่ยนเป็นภาษาไทย

Change to English
 แสดงรายละเอียดบรรณานุกรม
  กลับหน้าหลัก

Brief Record : Get Marc (ISO 2709) : E-mail record : QR code < ปิดหน้าต่าง
LEADER : 00000nam 2200000uu 4500
001    13399123476
003     ULIB
008    140923s2557||||th 000 0 tha d
020    ^a9786162794216
060  4 ^aWB105^bพ865อ
110 1  คณะแพทยศาสตร์ศิริราชพยาบาล^bภาควิชาอายุรศาสตร์
245    ^aอายุรศาสตร์ทันยุค2557UPDATE IN INTERNAL Medicine /^cภาควิชาอายุรศาสตร์ คณะแพทยศาสตร์ศิริราชพยาบาล
260    ^aกรุงเทพฯ :^bภาพพิมพ์,^c2557
300    ^a558 หน้า
500    ^aการประยุกต์ใช้แนวเวชปฏิบัติทั่วไป ความดันโลหิตสูง มะเร็งที่ไม่ทราบตำแหน่ง โรคเชื้อราที่เล็บ ยาทางจิตเวชเพื่อรักษา การดูแลรักษาสุขภาพในผู้ใหญ่ การรักษาด้วยยาต้านจุลชีพชนิดฉีดแบบผู้ป่วยนอก ไทรอยด์เป็นพิษ โรคกระดูกพรุน ภวะพิษจากพาราเซตามอลโรคไตจากเบาหวานภาวะช็อก
650    ^aอายุรศาสตร์ทันยุค
700 0  ^aพูลชัย จรัสเจริญวิทยา
945    ^p400^l0^i20823
945    ^p400^l0^i20824
945    ^p400^l0^i20825
945    ^p400^l0^i20826
945    ^p400^l0^i20827
999    ^aทศพร เกษรทอง
รายการนี้ยังไม่มีแท็ก
คุณยังไม่ได้ล็อกอิน คุณสามารถมีกิจกรรมร่วมกับเว็บไซต์ได้ แต่ต้องล็อกอินก่อน ::
  ล็อกอิน

รายการสื่อสารสนเทศ

ลำดับที่ ประเภท เลขเรียก/บาร์โค้ด สถานที่ สถานะ
1. วิทยาศาสตร์การแพทย์ และสุขภาพ
วิทยาศาสตร์การแพทย์ และสุขภาพ
สถานะ=หนังสือเก่า
WB105 พ865อ ฉ.1 
  Barcode: 20823
ห้องสมุดวิทยาเขตนครสวรรค์
►ส่วนจัดเก็บหนังสือเก่า นว.
บนชั้น
  ขอยืม
2. วิทยาศาสตร์การแพทย์ และสุขภาพ
วิทยาศาสตร์การแพทย์ และสุขภาพ
สถานะ=หนังสือเก่า
WB105 พ865อ ฉ.2 
  Barcode: 20824
ห้องสมุดวิทยาเขตนครสวรรค์
►ส่วนจัดเก็บหนังสือเก่า นว.
บนชั้น
  ขอยืม
3. วิทยาศาสตร์การแพทย์ และสุขภาพ
วิทยาศาสตร์การแพทย์ และสุขภาพ
สถานะ=หนังสือเก่า
WB105 พ865อ ฉ.3 
  Barcode: 20825
ห้องสมุดวิทยาเขตนครสวรรค์
►ส่วนจัดเก็บหนังสือเก่า นว.
บนชั้น
  ขอยืม
4. วิทยาศาสตร์การแพทย์ และสุขภาพ
วิทยาศาสตร์การแพทย์ และสุขภาพ
WB105 พ865อ ฉ.4 
  Barcode: 20826
ห้องสมุดวิทยาเขตนครสวรรค์
►หนังสือทั่วไป:l:General Books
บนชั้น
5. วิทยาศาสตร์การแพทย์ และสุขภาพ
วิทยาศาสตร์การแพทย์ และสุขภาพ
สถานะ=หนังสือเก่า
WB105 พ865อ ฉ.5 
  Barcode: 20827
ห้องสมุดวิทยาเขตนครสวรรค์
►ส่วนจัดเก็บหนังสือเก่า นว.
บนชั้น
  ขอยืม

รายการใกล้เคียง
    หัวเรื่อง [อายุรศาสตร์ทันยุค]

BibComment


ยังไม่เคยถูกคอมเมนท์

คอมเมนท์ทรัพยากรรายการนี้
  คอมเมนท์: อายุรศาสตร์ทันยุ..


 Copyright 2026. Bcnsprnw @Library